000 00770cab a2200193 4500
001 ABS40081
008 090401t1988 xxu||||| |||| 00| 0 eng d
035 _a(Sirsi) u21317
041 _aeng
100 _aSharpe, G.
245 _aThree safety devices for unvented hot water systems
260 _c1988
350 _a0
490 _aValuer (ISVA)
_v) November 1988 315(1)
520 _aThe Building Regulations 1985 and new Water By-laws have made it possible for a domestic hot water system to be directly connected to water mains and be unventilated. This article explains to surveyors the pitfalls involved at the specification, installation and house surveying stages.
690 _aBUILDING AND CONSTRUCTION-REGULATIONS
942 _n0
948 _c04/03/1997
999 _c14313
_d14313